علم وحلم / (Record no. 14009)
[ view plain ]
| 000 -LEADER | |
|---|---|
| fixed length control field | 00686nam a22001937a 4500 |
| 008 - FIXED-LENGTH DATA ELEMENTS--GENERAL INFORMATION | |
| fixed length control field | 100523t xxu||||| |||| 00| 0 eng d |
| 020 ## - INTERNATIONAL STANDARD BOOK NUMBER | |
| International Standard Book Number | 9770253677 |
| 082 ## - DEWEY DECIMAL CLASSIFICATION NUMBER | |
| Edition number | 22 |
| Classification number | 500 |
| Item number | ش و ق |
| 100 ## - MAIN ENTRY--PERSONAL NAME | |
| 9 (RLIN) | 8624 |
| Personal name | شوقى, أحمد. |
| 245 ## - TITLE STATEMENT | |
| Title | علم وحلم / |
| Statement of responsibility, etc | أحمد شوقى |
| 260 ## - | |
| -- | القاهرة: |
| -- | دار المعارف, |
| -- | 1977. |
| 300 ## - PHYSICAL DESCRIPTION | |
| Extent | 136 ص؛ |
| Dimensions | 20 سم. |
| 440 ## - | |
| -- | 14185 |
| -- | سلسلة اقرأ |
| -- | 616 |
| 500 ## - GENERAL NOTE | |
| General note | Donations. |
| 500 ## - GENERAL NOTE | |
| General note | Donated by: Dr. Bassem Ahmed. |
| 650 ## - SUBJECT ADDED ENTRY--TOPICAL TERM | |
| 9 (RLIN) | 14205 |
| Topical term or geographic name as entry element | العلم |
| 942 ## - ADDED ENTRY ELEMENTS (KOHA) | |
| Source of classification or shelving scheme | Dewey Decimal Classification |
| Koha item type | Book - Borrowing |
| Withdrawn status | Lost status | Source of classification or shelving scheme | Damaged status | Not for loan | Collection code | Home library | Current library | Shelving location | Date acquired | Source of acquisition | Total Checkouts | Full call number | Barcode | Date last seen | Date checked out | Price effective from | Koha item type |
|---|---|---|---|---|---|---|---|---|---|---|---|---|---|---|---|---|---|
| Dewey Decimal Classification | Central Library | Central Library | First floor | 23/05/2010 | 2 | 500 شوق | 000020756 | 15/07/2025 | 07/12/2020 | 23/05/2010 | Book - Borrowing |